<?xml version="1.0" encoding="UTF-8"?>
<record
    xmlns:xsi="http://www.w3.org/2001/XMLSchema-instance"
    xsi:schemaLocation="http://www.loc.gov/MARC21/slim http://www.loc.gov/standards/marcxml/schema/MARC21slim.xsd"
    xmlns="http://www.loc.gov/MARC21/slim">

  <leader>00730nam a22001457a 4500</leader>
  <controlfield tag="008">180825b        xxu||||| |||| 00| 0 eng d</controlfield>
  <datafield tag="020" ind1=" " ind2=" ">
    <subfield code="a">9709703587</subfield>
  </datafield>
  <datafield tag="082" ind1=" " ind2=" ">
    <subfield code="a">709.72</subfield>
    <subfield code="b">G897f</subfield>
  </datafield>
  <datafield tag="100" ind1=" " ind2=" ">
    <subfield code="a">Guadarrama, Guillermina U.</subfield>
    <subfield code="9">6622</subfield>
  </datafield>
  <datafield tag="245" ind1=" " ind2=" ">
    <subfield code="a">El Frente Nacional de Artes Pl&#xE1;sticas (1952-1962)</subfield>
  </datafield>
  <datafield tag="260" ind1=" " ind2=" ">
    <subfield code="a">M&#xE9;xico</subfield>
    <subfield code="b">Instituto Nacional de Bellas Artes y Literatura</subfield>
    <subfield code="b">Centro Nacional de las Artes </subfield>
    <subfield code="b">Centro Nacional de Investigaci&#xF3;n, Documentaci&#xF3;n e Informaci&#xF3;n de Artes Pl&#xE1;sticas (CENIDIAP)</subfield>
    <subfield code="b">Estampa Artes Gr&#xE1;ficas S.A. de C.V.</subfield>
    <subfield code="c">2012</subfield>
  </datafield>
  <datafield tag="300" ind1=" " ind2=" ">
    <subfield code="a">23 p.</subfield>
    <subfield code="c">21 cm.</subfield>
  </datafield>
  <datafield tag="440" ind1=" " ind2=" ">
    <subfield code="a">Ensayos Abrevian</subfield>
    <subfield code="9">6618</subfield>
  </datafield>
  <datafield tag="650" ind1=" " ind2=" ">
    <subfield code="2">Arte moderno</subfield>
    <subfield code="x">Artes Pl&#xE1;sticas - M&#xE9;xico</subfield>
    <subfield code="x">Frente Nacional de Artes Pl&#xE1;sticas - M&#xE9;xico</subfield>
    <subfield code="z">Arte - historia - M&#xE9;xico</subfield>
    <subfield code="9">6623</subfield>
  </datafield>
  <datafield tag="999" ind1=" " ind2=" ">
    <subfield code="c">1593</subfield>
    <subfield code="d">1593</subfield>
  </datafield>
  <datafield tag="952" ind1=" " ind2=" ">
    <subfield code="0">0</subfield>
    <subfield code="1">0</subfield>
    <subfield code="2">ddc</subfield>
    <subfield code="4">0</subfield>
    <subfield code="7">0</subfield>
    <subfield code="a">LV</subfield>
    <subfield code="b">LV</subfield>
    <subfield code="c">Pensamiento</subfield>
    <subfield code="d">2018-08-25</subfield>
    <subfield code="l">0</subfield>
    <subfield code="o">709.72 G897f</subfield>
    <subfield code="p">004651</subfield>
    <subfield code="r">2018-08-25 00:00:00</subfield>
    <subfield code="w">2018-08-25</subfield>
    <subfield code="y">01</subfield>
  </datafield>
</record>
